C# praktické příklady

Gespeichert in:
Bibliographische Detailangaben
1. Verfasser: Hanák, Ján
Format: Buch
Sprache:Tschechisch
Veröffentlicht: Praha GRADA 2006
Schlagworte:
Tags: Tag hinzufügen
Keine Tags, Fügen Sie das erste Tag hinzu!

MARC

LEADER 00000nam$a2200000$$$4500
001 0049329
005 20240502083130.9
020 |a 80-247-0988-0 
041 0 |a cze 
044 |a CZ 
245 1 0 |a C#  |b praktické příklady 
264 1 |a Praha  |b GRADA  |c 2006 
300 |a 288 s. 
610 2 0 |a jazyky programovacie 
610 2 0 |a dáta 
610 2 0 |a programovanie objektové 
100 1 |a Hanák, Ján